Loading...
| History - European | 0 | 5 | 0 | 2 | 50 | 50 | 87.20 | 0 | 0 | 0.00 | 0.00 |
| Social Science | 0 | 4 | 0 | 1 | 40 | 61 | 86.25 | 0 | 2 | 0.00 | 0.00 |
| History - World | 0 | 4 | 0 | 0 | 40 | 52 | 75.75 | 0 | 1 | 0.00 | 0.00 |
| Philosophy | 0 | 4 | 0 | 1 | 40 | 82 | 101.00 | 0 | 1 | 0.00 | 0.00 |
| Religion | 0 | 4 | 0 | 0 | 40 | 62 | 77.00 | 0 | 1 | 0.00 | 0.00 |
| Literature - World | 0 | 3 | 0 | 0 | 30 | 35 | 61.67 | 0 | 2 | 0.00 | 0.00 |
| Fine Arts - Classical Music | 0 | 3 | 0 | 0 | 30 | 86 | 100.67 | 0 | 1 | 0.00 | 0.00 |
| History - Other | 0 | 3 | 0 | 0 | 30 | 70 | 83.00 | 0 | 0 | 0.00 | 0.00 |
| Literature - British | 0 | 3 | 0 | 0 | 30 | 55 | 76.00 | 0 | 1 | 0.00 | 0.00 |
| Literature - European | 0 | 3 | 0 | 1 | 30 | 84 | 102.67 | 0 | 0 | 0.00 | 0.00 |
| Science - Physics | 0 | 3 | 0 | 1 | 30 | 71 | 88.33 | 0 | 0 | 0.00 | 0.00 |
| Literature - American | 0 | 2 | 0 | 0 | 20 | 78 | 97.00 | 0 | 1 | 0.00 | 0.00 |
| Pop Culture | 0 | 2 | 0 | 0 | 20 | 55 | 61.00 | 0 | 0 | 0.00 | 0.00 |
| Science - Biology | 0 | 2 | 0 | 1 | 20 | 81 | 87.50 | 0 | 0 | 0.00 | 0.00 |
| Science - Other | 0 | 1 | 0 | 1 | 10 | 109 | 109.00 | 0 | 1 | 0.00 | 0.00 |
| Painting/Sculpture | 0 | 1 | 0 | 0 | 10 | 98 | 98.00 | 0 | 0 | 0.00 | 0.00 |
| History - American | 0 | 1 | 0 | 0 | 10 | 103 | 103.00 | 0 | 0 | 0.00 | 0.00 |
| Mythology | 0 | 1 | 1 | 0 | 5 | 52 | 52.00 | 0 | 1 | 0.00 | 0.00 |
| Fine Arts - Other | 0 | 1 | 1 | 0 | 5 | 72 | 72.00 | 0 | 1 | 0.00 | 0.00 |
| Current Events | 0 | 0 | 1 | 0 | -5 | 0.00 | 0 | 0 | 0.00 | 0.00 |